00398nam a2200097Ia 4500008004100000250011900041300005000160650004200210700003300252999001500285151015s9999 xx 000 0 und d a_1999 Population and Housing Census Volume 1 Population Distributiopn by Administrative Areas and Urban Centres /  aNairobi : Central Bureau of Statistics, 1999  a_Counting our People for Development  a^d20110504 11:45:33^okilerai c1853d1853